Biblioteca

Religions in the UK 2001-03 (Registro nro. 66290)

Detalles MARC
000 -LÍDER
Campo fijo de descripción fija 01857cam a2200421 i 4500
001 - NÚMERO DE CONTROL
Campo de control 768714001
003 - IDENTIFICADOR DEL NÚMERO DE CONTROL
Campo de control CO-MdFUSB
005 - FECHA Y HORA DE LA ULTIMA TRANSACCIÓN
control field 20210318172002.0
007 - CAMPO FIJO DE DESCRIPCIÓN FIJA--INFORMACIÓN GENERAL
Campo fijo de descripción fija ta
008 - ELEMENTOS DE LONGITUD FIJA -- INFORMACIÓN GENERAL
Campo fijo de descripción fija -- Información general 011029t20012001enk 000 0 eng d
020 ## - NÚMERO INTERNACIONAL NORMALIZADO PARA LIBROS
Número Internacional Normalizado del libro 0901437964
040 ## - FUENTE DE CATALOGACIÓN
Agencia de catalogación original ERL
Idioma de catalogación eng
Convenciones de la descripción rda
Agencia que realiza la transcripción CO-MdFUSB
Agencia que realiza la modificación CO-MdFUSBC
-- CO-MdFUSB
041 ## - CÓDIGO DE IDIOMA
Código de idioma para texto/pista de sonido o título separado eng
049 ## - LOCAL HOLDINGS (OCLC)
Holding library PTSS
082 ## - NÚMERO DE CLASIFICACIÓN DECIMAL DEWEY
Número de la edición del Dewey 23
Número de clasificación 200.90941
Clave de autor-Numero de item R3827
090 ## - SIGNATURA TOPOGRÁFICA LOCAL
Número de clasificación local BL980.G7
245 00 - TÍTULO
Título del Material Religions in the UK 2001-03
Mención de responsabilidad, etc. / editado por Paul Weller ; revisado por Eileen Fry, Michele Wolfe , Paul Weller.
264 #1 - PRODUCCIÓN, PUBLICACIÓN, DISTRIBUCIÓN, MANUFACTURA, Y COPYRIGHT
Lugar de producción, publicación, distribución, manufactura Derby :
Nombre del productor, publicador, distribuidor Multi-Faith Centre at the University of Derby in association with the Inter Faith Network for the United Kingdom,
Fecha de producción, publicación, distribución, manufactura, o copyright [2001]
264 #4 - PRODUCCIÓN, PUBLICACIÓN, DISTRIBUCIÓN, MANUFACTURA, Y COPYRIGHT
Fecha de producción, publicación, distribución, manufactura, o copyright © 2001
300 ## - DESCRIPCIÓN FÍSICA
Extensión 694 páginas ;
Dimensiones 23 cm
336 ## - TIPO DE CONTENIDO
Término de tipo de contenido texto
Código de tipo de contenido txt
Fuente rdacontent
337 ## - TIPO DE MEDIO
Nombre del tipo de medio sin mediación
Código del tipo de medio n
Fuente rdamedia
338 ## - TIPO DE SOPORTE
Nombre del tipo de soporte volumen
Código Tipo de soporte nc
Fuente rdacarrier
500 ## - NOTA GENERAL
Nota General Previous ed., 1997.
505 ## - NOTA DE CONTENIDO
Nota de contenido con formato preestablecido Paisaje religioso del Reino Unido. -- Hacer contactos, organizar eventos y consultas. -- Visitando lugares y alojamiento de visitas.<br/>Actividad interreligiosa en el Reino Unido. -- La comunidad bahá´i. -- La comunidad Budista. -- La comunidad cristiana. -- La comunidad Hindú. -- La comunidad jainista. -- La comunidad judía. -- La comunidad musulmana. -- La comunidad sij. -- La comunidad zoroastriana. Algunas otras comunidades y grupos religiosos. -- Más información: alguna otra publicación y recursos relevantes. -- Agradecimientos. -- Índices
563 ## - NOTA DE ENCUADERNACIÓN
Nota de encuadernación Rústico
650 #7 - ASIENTO SECUNDARIO DE MATERIA - TERMINO TEMÁTICO
9 (RLIN) 385
Término temático o nombre geográfico como elemento de entrada Religión
653 ## - TÉRMINO DE INDIZACIÓN - NO CONTROLADO
Término no controlado Religión -- Gran Bretaña.
700 1# - ASIENTO SECUNDARIO - NOMBRE PERSONAL
Nombre personal Weller, Paul,
Fechas asociadas con el nombre 1956-
Responsabilidad editor
700 1# - ASIENTO SECUNDARIO - NOMBRE PERSONAL
Nombre personal Fry, Eileen,
Fechas asociadas con el nombre 1947-
Responsabilidad editor
700 1# - ASIENTO SECUNDARIO - NOMBRE PERSONAL
Nombre personal Wolfe, Michele.
Responsabilidad editor
942 ## - TIPO DE MATERIAL (KOHA)
Tipo de Item KOHA Libros General
945 ## - INFORMACIÓN LOCAL DEL REGISTRO
Catalogador JTF--925
Existencias
Estado de Material Estado de Perdido Forma de Clasificación Estado de Dañado No para Préstamo Colección Biblioteca de Origen Biblioteca Permanente Fecha de Adquisición Área Total de Préstamos Signatura Topográfica Código de Barras Última vez visto Ejemplar/Existencia Fecha de Remplazo Tipo de Material
    Dewey Decimal Classification     Colección General Biblioteca FUSBC Biblioteca FUSBC 25/06/2020 RELIGIÓN - RELIGIONES   G 200.90941 R382r 10961 25/06/2020 Ej.1 25/06/2020 Libros General

Biblioteca FUSBC | Teléfono: (57+4) 349 88 10 Ext. 141| WhatsApp (+57) 3005338115 
E-mail: biblioteca@unisbc.edu.co | Calle 76 87-14 Robledo Palenque, Medellín, Colombia

Con tecnología Koha